Φορτώνει......

Statistical Inference In Linear Models : Statistiscal Methods Of Model Building, Vol I

Λεπτομέρειες βιβλιογραφικής εγγραφής
Κύριος συγγραφέας: Bunke, Helga
Άλλοι συγγραφείς: Bunke, Helga etc
Μορφή: Printed Book
Γλώσσα:English
Έκδοση: New York John Wiley & Sons 1986
Έκδοση:1st ed.
Θέματα:
LEADER 00590nam a2200169Ia 4500
008 101204s9999 xx 000 0 eng d
020 |a 0471103349 
100 |a Bunke, Helga 
245 |a Statistical Inference In Linear Models : Statistiscal Methods Of Model Building, Vol I 
250 |a 1st ed. 
260 |b John Wiley & Sons  |a New York  |c 1986 
300 |a 614 
650 |a Inference 
700 |a Bunke, Helga etc 
942 |c BK 
999 |c 187998  |d 187998 
952 |0 0  |1 0  |4 0  |6 520_000000000000000_BUN_S  |7 0  |9 207308  |a STA  |b STA  |c ST1  |d 2010-12-04  |i 546  |l 0  |o 520 BUN/S  |p STA546  |r 2018-08-21  |w 2018-08-21  |y BK